01007nam a22002777a 4500003000900000008004100009040007100050082002300121100002700144245006800171260003200239300002800271505013800299650001300437650002800450650002700478650002700505650002000532700003200552700003100584700002300615700001800638700001900656700002600675700002800701AR-CdUCM190223b ||||| |||| 00| 0 spa d aMUNICIPALIDAD PROVINCIAL DEL CUSCOcBIBLIOTECA MUNICIPAL DEL CUSCO aC / 330.985 /bR36 aReinaga, Cesar Augusto aEsbozo de una historia del pensamiento económico del Perú / aCuzco :bGarcilaso ,c1969. a196 páginas ;c23 cm. aEl voto consultivo -- La política económica -- Un eco del mercantilismo -- Un neo-liberal del siglo XIX -- Experto en finanzas... aEconomia aPolítica económica. aEconomía Política. aVirreinato Político. aLa república. aBravo de las Lagunas, Pedro aBaquijano y Carrillo, Jose aRodriguez, Jose M. aPardo, Manuel aLergard, Cesar aUgarte, Cesar Antonio aMariategui, Jose Carlos